| 000 | 00545nam a2200181Ia 4500 | ||
|---|---|---|---|
| 003 | OSt | ||
| 005 | 20260325111908.0 | ||
| 008 | 211028s2006 xx 000 0 und d | ||
| 040 | _cAIMIT LIBRARY | ||
| 041 | _aeng | ||
| 082 | _a658.15 PADS | ||
| 100 |
_aPadival, Shrutha;Dias, Beena. _g40911119 _95638 |
||
| 245 | _aA study on the effect of information and communication technology on the efficiency of banking industry in India / | ||
| 260 |
_bDias, Beena _c2006 |
||
| 600 |
_aFinance _95639 |
||
| 650 |
_aFinance _95640 |
||
| 942 |
_2ddc _cPRO |
||
| 999 |
_c217971 _d217971 |
||